Personalcontrolling und Personalcontrollinginstrumente Studienarbeit

Saved in:
Bibliographic Details
Main Author: Steiner, Eugen
Format: Book
Language:German
Published: München GRIN Verlag 2006
Subjects:
Tags: Add Tag
No Tags, Be the first to tag this record!

MARC

LEADER 00000nam a2200000 4500
001 0177770
005 20240314090445.9
020 |a 978-3-640-40768-2 
041 0 |a ger 
044 |a DE 
245 1 0 |a Personalcontrolling und Personalcontrollinginstrumente  |b Studienarbeit  |c Eugen Steiner 
264 1 |a München  |b GRIN Verlag  |c 2006 
300 |a 25 s. 
610 2 0 |a kontroling 
610 2 0 |a riadenie personálne 
610 2 0 |a nástroje riadenia 
610 2 0 |a štúdie 
100 1 |a Steiner, Eugen